000
00247nam a22000977a 4500
999
_c
11807
_d
11807
008
200220b ||||| |||| 00| 0 eng d
020
_a
057006127X
100
_a
Ahern Denise
_9
7487
245
_a
The Bread and the wine
260
_a
USA
_b
Arch Books
_c
1979